Дело об ассигновании средств на поездку профессора Ф.А. Гебеля на юг России с целью исследования степей Саратовской и Таврическо...

Доступно только в Электронных читальных залах Найти на картеНа карте
RUSMARC
00004319nmc2a2200000 x 450
0014877c4a4-69b3-4a2d-8bc0-3acdd97dd77e
00520171002135218.0
100##$a20140513l18331834k l0rusy0189 ca
1010#$arus
102##$aRU
2001#$aДело об ассигновании средств на поездку профессора Ф.А. Гебеля на юг России с целью исследования степей Саратовской и Таврической губернии
$j6 сентября 1833 г. - 6 сентября 1834 г.
251##$cДело
300##$aДело
300##$aОриг. заголовок дела: Дело о дозволении профессору Дерптского университета Гебелю будущей весною предпринять путешествие по учебной части в южном крае России. 6 сентября 1833 г. - 6 октября 1834 г
801#0$aRU
$bРГИА
$c20140513
$gRCR
801#1$aRU
$bГлавНИВЦ
$c20140513
$2rusmarc
801#2$aRU
$bПБ им. Б.Н. Ельцина
$c20171002
$gRCR
$2rusmarc
850##$aРГИА
852##$aРГИА
$eФедеральное казенное учреждение "Российский государственный исторический архив" (РГИА)
$j557
937##$hРГИА
$d11175519
$aASBIBLIO_SCAN
462#0$10015faafd89-1df2-4e8f-a0ba-1d8a620713c6
$12001
$aДела Департамента народного просвещения по Дерптскому учебному округу за 1802-1836 гг.
$1251
$cОпись
$1852
$j56
461#0$1001a74412a3-3cc5-4d21-8f0a-dfe2fbd9e72d
$12001
$aДепартамент народного просвещения Министерства народного просвещения (1803-1917)
$1251
$cФонд
$1852
$j733
215##$a33 л.
$d36,5х26 см
371##$aДокумент не является опубликованным и широко распространяемым
105##$ay###
1222#$ad
5171#$aДело о дозволении профессору Дерптского университета Гебелю будущей весною предпринять путешествие по учебной части в южном крае России. 6 сентября 1833 г. - 6 октября 1834 г
035##$a4877c4a4-69b3-4a2d-8bc0-3acdd97dd77e
856##$uhttp://readingroom.main.prlib.ru/item.aspx?id_node=n105961130&mode=full
Формат отображения